|
|
|
|
| LEADER |
00000nab a2200000 a 4500 |
| 001 |
vtls009005882 |
| 003 |
SK-MaSNL |
| 005 |
20260303220644.0 |
| 008 |
240405c2007 xo |||| |o| |00 b|slo |
| 015 |
|
|
|a SNBRB2007/07
|2 snkbucl
|
| 038 |
|
|
|a SNKBUCL
|
| 040 |
|
|
|a SNKBUCL
|b slo
|c SNKBUCL
|e AACR2
|
| 041 |
0 |
|
|a slo
|
| 044 |
|
|
|a xo
|c SK
|
| 080 |
|
|
|a 82.09:821.162.4-1
|x (048)
|2 1997
|
| 080 |
|
|
|a 821.162.4-1
|x (048)
|2 1997
|
| 100 |
1 |
|
|a Baláž, Ireney,
|d 1944-
|4 aut
|9 103470
|
| 245 |
1 |
0 |
|a Tajomstvá zhorenej pamäti
|c Ireney Baláž
|
| 300 |
|
|
|b Fotogr.
|
| 650 |
0 |
7 |
|a slovenská poézia
|2 snkbucl
|9 215422
|
| 655 |
|
7 |
|a recenzie
|2 snkbucl
|9 21907
|
| 773 |
0 |
|
|t Literárny (dvoj)týždenník
|g Roč. XX, č. 23-24 (2007), s. 12
|x 0862-5999
|
| 787 |
0 |
8 |
|i Rec.:
|a Kitta, Richard, 1979-
|t Vynález dúhy
|d Bratislava : Vydavateľstvo Spolku slovenských spisovateľov, 2006
|z 8080612471
|
| 850 |
|
|
|a Slovenská národná knižnica
|
| 852 |
|
|
|a Slovenská národná knižnica
|
| 958 |
|
|
|a RC
|
| 958 |
|
|
|a LX
|
| 958 |
|
|
|a SK
|
| 999 |
|
|
|c 2228321
|d 2230251
|